000 02234nam a2200385 a 4500
001 ebr10518640
003 CaPaEBR
006 m u
007 cr cn|||||||||
008 100428s2010 enk sb 000 0 eng d
010 _z 2010018379
020 _z9781405196840
020 _z9781118293416 (e-book)
040 _aCaPaEBR
_cCaPaEBR
035 _a(OCoLC)773669848
050 1 4 _aRD34
_b.C67 2010eb
082 0 4 _a617
_222
100 1 _aCorrigan, Mark,
_cMD.
245 1 0 _aMake a decision
_h[electronic resource] :
_bsurgery /
_cMark Corrigan, Arnold D.K. Hill, H.P. Redmond.
246 1 3 _aSurgery
260 _aChichester, West Sussex, U.K. :
_bWiley-Blackwell,
_c2010.
300 _a1 v. (unpaged)
504 _aIncludes bibliographical references.
505 8 _a(Publisher-supplied data) Machine generated contents note: Acknowledgements. -- Introduction. -- Instructions. -- How to use this book. -- Introduction to the staff and nomenclature of Pilgrims Hospital. -- Section 1. -- Case presentations. -- Perspectives. -- Section 2. -- Case presentations. -- Perspectives. -- Section 3. -- Case presentations. -- Perspectives. -- Investigations. -- Glossary.
520 _a"Taking a non-linear, narrative approach and designed to be used in a 'role-playing' format, Make a Decision: Surgery allows the reader to take the role of the book's main character - a junior general surgeon on call in a busy hospital. Outcomes to clinical scenarios are based purely on the reader's decisions and actions. Each decision is scored and feedback is offered to the reader at the end of each scenario together with an exemplar response -- Provided by publisher.
533 _aElectronic reproduction.
_bPalo Alto, Calif. :
_cebrary,
_d2012.
_nAvailable via World Wide Web.
_nAccess may be limited to ebrary affiliated libraries.
650 0 _aSurgery
_vCase studies.
650 0 _aSurgery
_vProblems, exercises, etc.
650 0 _aRole playing.
655 7 _aElectronic books.
_2local
700 1 _aHill, Arnold D. K.
700 1 _aRedmond, H. Paul.
710 2 _aebrary, Inc.
856 4 0 _uhttp://site.ebrary.com/lib/rucke/Doc?id=10518640
_zAn electronic book accessible through the World Wide Web; click to view
999 _c140277
_d140277